=LDR 00000nam 2200000 4500 =001 INLIS00000000000019 =005 20260702043538 =020 ##$$a 978-623-8397-17-4 =082 ##$$a 012.378 =100 1#$$a Kim, Li =245 1 $$a Bersyukurlah : Sebab Hidup Yang Kau Keluhkan Kadang Adalah Hidup Yang Orang Lain Inginkan /$c Li Kim =300 ##$$a 76 ; 12 x 18